Online
Catalog

Diccionario inglés-español - español-inglés / (Record no. 28560)

MARC details
000 -CABECERA
campo de control de longitud fija 00742nam a2200193 a 4500
001 - NÚMERO DE CONTROL
campo de control 000029068
005 - FECHA Y HORA DE LA ÚLTIMA TRANSACCIÓN
campo de control 20200930055318.0
008 - DATOS DE LONGITUD FIJA--INFORMACIÓN GENERAL
campo de control de longitud fija 110413s2007 sp 000 0 spa d
040 ## - FUENTE DE LA CATALOGACIÓN
Centro catalogador/agencia de origen DO-SdBNP
Lengua de catalogación spa
Centro/agencia transcriptor BNPHU
082 ## - NÚMERO DE LA CLASIFICACIÓN DECIMAL DEWEY
Número de clasificación xxx
Número de documento/Ítem D545
245 00 - MENCIÓN DE TÍTULO
Título Diccionario inglés-español - español-inglés /
Mención de responsabilidad, etc. compilador Ricard Jordana.
260 ## - PUBLICACIÓN, DISTRIBUCIÓN, ETC.
Lugar de publicación, distribución, etc. Barcelona, España :
Nombre del editor, distribuidor, etc. Nauta,
Fecha de publicación, distribución, etc. 2007.
300 ## - DESCRIPCIÓN FÍSICA
Extensión 241, 188 p. ;
Dimensiones 29 cm.
490 1# - MENCIÓN DE SERIE
Mención de serie Alfa nauta
500 ## - NOTA GENERAL
Nota general Páginas opuestas con numeración repetida.
505 2# - NOTA DE CONTENIDO CON FORMATO
Título Abreviaturas --
-- Tabla de símbolos fonéticos --
-- Notas para el uso del diccionario --
-- Diccionario inglés-español --
-- Diccionario español- inglés
700 1# - PUNTO DE ACCESO ADICIONAL--NOMBRE DE PERSONA
Nombre de persona Jordana, Ricard,
Término indicativo de función/relación comp.
9 (RLIN) 55971
830 #0 - PUNTO DE ACCESO ADICIONAL DE SERIE-TÍTULO UNIFORME
Título uniforme Alfa nauta
9 (RLIN) 24631
Holdings
Estado de retiro Estado de pérdida Restricciones de uso No para préstamo Código de colección Localización permanente Ubicación/localización actual Ubicación en estantería Fecha de adquisición Número de inventario Total de préstamos Signatura topográfica completa Código de barras Fecha visto por última vez Precio válido a partir de Tipo de ítem Koha
        Monografías: Libros y Folletos General General Orden iniciada 13.04.2011 LF1   xxx D545 29068-10 25.06.2020 25.06.2020 No se presta

Powered by Koha